Adult Education and Work Contexts : (Record no. 91469)
[ view plain ]
| 000 -LEADER | |
|---|---|
| fixed length control field | 01665nam a2200265Ii 4500 |
| 008 - FIXED-LENGTH DATA ELEMENTS--GENERAL INFORMATION | |
| fixed length control field | 221202s xx 000 0 und d |
| 245 #0 - TITLE STATEMENT | |
| Title | Adult Education and Work Contexts : |
| Remainder of title | International Perspectives and Challenges |
| 246 ## - VARYING FORM OF TITLE | |
| Title proper/short title | Comparative Perspectives from the 2017 Wuerzburg Winter School |
| 264 #1 - PRODUCTION, PUBLICATION, DISTRIBUTION, MANUFACTURE, AND COPYRIGHT NOTICE | |
| Place of production, publication, distribution, manufacture | Bern |
| Name of producer, publisher, distributor, manufacturer | Peter Lang International Academic Publishers |
| Date of production, publication, distribution, manufacture, or copyright notice | 2018 |
| 300 ## - PHYSICAL DESCRIPTION | |
| Extent | 1 online resource (226 pages) |
| 336 ## - CONTENT TYPE | |
| Content type term | text |
| Content type code | txt |
| Source | rdacontent |
| 337 ## - MEDIA TYPE | |
| Media type term | computer |
| Media type code | c |
| Source | rdamedia |
| 338 ## - CARRIER TYPE | |
| Carrier type term | online resource |
| Carrier type code | cr |
| Source | rdacarrier |
| 490 ## - SERIES STATEMENT | |
| Series statement | Studien zur Paedagogik, Andragogik und Gerontagogik / Studies in Pedagogy, Andragogy, and Gerontagogy |
| Volume/sequential designation | 72 |
| 520 ## - SUMMARY, ETC. | |
| Summary, etc. | <P>Adult education has deep connections with employment contexts. This volume discusses interrelations within transnational contexts studied during the Würzburg Winter School on Comparative Studies in Adult Education and Lifelong Learning (COMPALL). The book shows that adult education and work contexts are influenced by international and transnational developments. The findings are presented in three chapters: Lifelong Learning Policies Targeting Employment Contexts; Transnational Perspectives on Lifelong Learning Policies; Employment Perspectives and Professionalisation in Adult Education.</P> |
| 653 ## - INDEX TERM--UNCONTROLLED | |
| Uncontrolled term | Adult |
| 653 ## - INDEX TERM--UNCONTROLLED | |
| Uncontrolled term | Adult Education |
| 653 ## - INDEX TERM--UNCONTROLLED | |
| Uncontrolled term | Adult Learning |
| 653 ## - INDEX TERM--UNCONTROLLED | |
| Uncontrolled term | Bernd |
| 653 ## - INDEX TERM--UNCONTROLLED | |
| Uncontrolled term | Challenges |
| 700 1# - ADDED ENTRY--PERSONAL NAME | |
| Personal name | Egetenmeyer, Regina |
| 700 1# - ADDED ENTRY--PERSONAL NAME | |
| Personal name | Fedeli, Monica |
| 856 ## - ELECTRONIC LOCATION AND ACCESS | |
| Uniform Resource Identifier | <a href="https://docs.google.com/spreadsheets/d/1yKIrdCPDAG_9c22mwoOIO2DOhtj65Wqa/edit?usp=sharing&ouid=106555315294820607512&rtpof=true&sd=true ">https://docs.google.com/spreadsheets/d/1yKIrdCPDAG_9c22mwoOIO2DOhtj65Wqa/edit?usp=sharing&ouid=106555315294820607512&rtpof=true&sd=true </a> |
| Link text | List of Curated E-Books |
| 942 ## - ADDED ENTRY ELEMENTS (KOHA) | |
| Koha item type | E-Book |
No items available.